| 000 | 00551nam a22002177a 4500 | ||
|---|---|---|---|
| 001 | 240020 | ||
| 003 | DO-SdBNP | ||
| 005 | 20160317145124.0 | ||
| 007 | 240020 | ||
| 008 | 160317b cl sp xxu||||| |||| 00| 0 spa d | ||
| 020 | _a9589308465 | ||
| 040 |
_aBPMSU _bspa _cBPMSU |
||
| 092 |
_axxxx _bxxxx |
||
| 100 | 1 |
_aTriana, Jorge Elías _d1921- |
|
| 245 | 1 | 0 | _aJorge Elías Triana |
| 260 |
_a[Colombia] : _bEdiciones Gamma : Colcultura, _c1996. |
||
| 300 |
_a119 p. : _bil. ; _c29 cm. |
||
| 910 | _a00260 | ||
| 942 |
_2ddc _cBK |
||
| 956 |
_2LORENZA _310 |
||
| 999 |
_c9292 _d9292 |
||